书目信息 |
| 题名: |
黑暗降临时
|
|
| 作者: | 格里潘多 著 ;蔡洁 译 | |
| 分册: | ||
| 出版信息: | 北京 群众出版社 2010.01 |
|
| 页数: | 325页 | |
| 开本: | 21cm | |
| 丛书名: | ||
| 单 册: | ||
| 中图分类: | I712.45 | |
| 科图分类: | ||
| 主题词: | 长篇小说--美国--现代 , 长篇小说 | |
| 电子资源: | ||
| ISBN: | 978-7-5014-4652-0 | |
| 000 | 00788nam0 2200265 450 | |
| 001 | 1251633166 | |
| 005 | 20120108142102.64 | |
| 010 | @a978-7-5014-4652-0@dCNY25.00 | |
| 090 | @aI712.45@bgrp | |
| 096 | @aI712.45@bgrp | |
| 100 | @a20100712d2010 em y0chiy50 ea | |
| 101 | 0 | @achi@ceng |
| 102 | @aCN@b110000 | |
| 105 | @ay z 000ay | |
| 200 | 1 | @a黑暗降临时@b专著@dWhen darkness falls@g蔡洁译@zeng@9hei an jiang lin shi |
| 210 | @a北京@c群众出版社@d2010.01 | |
| 215 | @a325页@d21cm | |
| 510 | 1 | @aWhen darkness falls@zeng |
| 606 | 0 | @a长篇小说@y美国@z现代 |
| 606 | 0 | @a长篇小说 |
| 690 | @aI712.45@v4 | |
| 701 | 0 | @c(美)@a格里潘多@c(Grippando, James)@4著@9ge li pan duo |
| 702 | 0 | @a蔡洁@c(英语)@4译@9cai jie |
| 801 | 0 | @aCN@bGXG@c20100315 |
| 905 | @aZUCC@dI712.45@eG2771 | |
| 黑暗降临时=When darkness falls/蔡洁译.-北京:群众出版社,2010.01 |
| 325页;21cm |
| ISBN 978-7-5014-4652-0:CNY25.00 |
| ● |
| 相关链接 |
|
|
|
正题名:黑暗降临时
索取号:I712.45/G2771
 
预约/预借
| 序号 | 登录号 | 条形码 | 馆藏地/架位号 | 状态 | 备注 |
| 1 | 481120 | 204811203 | 文学库116/116文学库 26排1列4层/ [索取号:I712.45/G2771] | 在馆 | |
| 2 | 481121 | 204811212 | 文学库116/116文学库 26排1列4层/ [索取号:I712.45/G2771] | 在馆 | |
| 3 | 481122 | 204811221 | 社科二线400B/400B社科库 5排4列4层/ [索取号:I712.45/G2771] | 在馆 |